Southville International School and Colleges
Your cart is empty.
  • Cart
  • Lists
    Public lists Eva Luna New books Lux_list list_1
    Your lists Log in to create your own lists
  • Log in to your account
  • Your cookies
  • Search history
Southville International School and Colleges
  • Advanced search
  • Recent comments
  • Most popular
  • Libraries

Log in to your account

Log in with GOOGLE


If you do not have an external account, but do have a local account, you can still log in:

  1. Home
  2. MARC view: Beware of the blabbermouth! /
Normal view MARC view ISBD view

Beware of the blabbermouth! / (Record no. 34781)

[ view plain ]
MARC details
000 -LEADER
fixed length control field 01264cam a2200385 a 4500
001 - CONTROL NUMBER
control field 14001476
003 - CONTROL NUMBER IDENTIFIER
control field OSt
005 - DATE AND TIME OF LATEST TRANSACTION
control field 20140310184503.0
008 - FIXED-LENGTH DATA ELEMENTS--GENERAL INFORMATION
fixed length control field 050613s2004 nyua c 000 1 eng d
010 ## - LIBRARY OF CONGRESS CONTROL NUMBER
LC control number 2005278077
020 ## - INTERNATIONAL STANDARD BOOK NUMBER
International Standard Book Number 0439681200
035 ## - SYSTEM CONTROL NUMBER
System control number (OCoLC)ocm57229529
040 ## - CATALOGING SOURCE
Original cataloging agency WDG
Transcribing agency WDG
Modifying agency OCLCQ
-- DLC
042 ## - AUTHENTICATION CODE
Authentication code lcac
-- lccopycat
050 00 - LIBRARY OF CONGRESS CALL NUMBER
Classification number PZ 7
Item number .J7216b9 2004
100 1# - MAIN ENTRY--PERSONAL NAME
Personal name Jones, Marcia Thornton.
9 (RLIN) 4140
245 10 - TITLE STATEMENT
Title Beware of the blabbermouth! /
Statement of responsibility, etc Marcia Thornton Jones and Debbie Dadey ; illustrated by Guy Francis.
260 ## - PUBLICATION, DISTRIBUTION, ETC. (IMPRINT)
Place of publication, distribution, etc New York :
Name of publisher, distributor, etc Scholastic Inc.,
Date of publication, distribution, etc 2004.
300 ## - PHYSICAL DESCRIPTION
Extent 81 p. :
Other physical details ill. ;
Dimensions 20 cm.
490 0# - SERIES STATEMENT
Series statement Ghostville Elementary ;
Volume number/sequential designation 9
521 1# - TARGET AUDIENCE NOTE
Target audience note
526 ## - STUDY PROGRAM INFORMATION NOTE
Reading level 660
650 #0 - SUBJECT ADDED ENTRY--TOPICAL TERM
Topical term or geographic name as entry element Ghost stories.
9 (RLIN) 4370
650 #1 - SUBJECT ADDED ENTRY--TOPICAL TERM
Topical term or geographic name as entry element Ghosts
Form subdivision Fiction.
9 (RLIN) 27929
650 #1 - SUBJECT ADDED ENTRY--TOPICAL TERM
Topical term or geographic name as entry element Gossip
Form subdivision Fiction.
9 (RLIN) 27930
650 #1 - SUBJECT ADDED ENTRY--TOPICAL TERM
Topical term or geographic name as entry element Schools
Form subdivision Fiction.
9 (RLIN) 27931
700 1# - ADDED ENTRY--PERSONAL NAME
Personal name Dadey, Debbie.
9 (RLIN) 4137
700 1# - ADDED ENTRY--PERSONAL NAME
Personal name Francis, Guy,
Relator term ill.
9 (RLIN) 27932
856 42 - ELECTRONIC LOCATION AND ACCESS
Materials specified Publisher description
Uniform Resource Identifier <a href="http://www.loc.gov/catdir/enhancements/fy1203/2005278077-d.html">http://www.loc.gov/catdir/enhancements/fy1203/2005278077-d.html</a>
906 ## - LOCAL DATA ELEMENT F, LDF (RLIN)
a 7
b cbc
c copycat
d 2
e ncip
f 20
g y-gencatlg
942 ## - ADDED ENTRY ELEMENTS (KOHA)
Source of classification or shelving scheme Library of Congress Classification
Koha item type
Holdings
Withdrawn status Lost status Source of classification or shelving scheme Damaged status Home library Current library Shelving location Date acquired Total Checkouts Full call number Barcode Date last seen Copy number Price effective from Koha item type
    Library of Congress Classification   Luxembourg Library Luxembourg Library Scholastic Reading Center Section 10/12/2013   PZ 7 .J7216b9 2004 LEX1884 04/18/2017 1 01/30/2014 Books
    Library of Congress Classification   Luxembourg Library Luxembourg Library Scholastic Reading Center Section 10/24/2013   PZ 7 .J7216b9 2004 LEX1883 04/18/2017 2 10/24/2013 Books

Beware of the blabbermouth! /

APA

Jones M. T., Dadey D. & Francis G. (2004). Beware of the blabbermouth!. New York: Scholastic Inc.

Chicago

Jones Marcia Thornton, Dadey Debbie and Francis Guy. 2004. Beware of the blabbermouth!. New York: Scholastic Inc.

Harvard

Jones M. T., Dadey D. and Francis G. (2004). Beware of the blabbermouth!. New York: Scholastic Inc.

MLA

Jones Marcia Thornton, Dadey Debbie and Francis Guy. Beware of the blabbermouth!. New York: Scholastic Inc. 2004.

  • Place hold
  • Print
  • Cite
  • Add to your cart (remove)
  • Save record
    BIBTEX Dublin Core MARCXML MARC (non-Unicode/MARC-8) MARC (Unicode/UTF-8) MARC (Unicode/UTF-8, Standard) MODS (XML) RIS
  • More searches
    Search for this title in:
    Other Libraries (WorldCat) Other Databases (Google Scholar) Online Stores (Bookfinder.com) Open Library (openlibrary.org)

Exporting to Dublin Core...

SOUTHVILLE LIBRARY

Southville International School and Colleges Library

1281 Tropical Ave. Cor. Luxembourg St., BF Homes International, Las Pinas City

Tel. No. 8256374 / 252358 Loc. 117/146

Powered by Koha